000 00480nam a2200193 a 4500
001 1764845274690
003 ACL
005 20251204161932.0
008 251204s1981##################000#0#eng##
020 _a9789061912019
082 0 4 _a624.193
_bRES
100 1 _aReséndiz, Daniel,
_eauthor.
245 1 0 _aSoft-Ground Tunneling :
260 _bCRC Press,
_c1981.
300 _a103 pages
650 0 _aTechnology & Engineering.
942 _cENGLISH
040 _aACL
_beng
_cACL
999 _c600176
_d600176